Modern advanced accounting / (Record no. 2294)
[ view plain ]
| 000 -LEADER | |
|---|---|
| fixed length control field | 01789cam a22001574a 4500 |
| 020 ## - INTERNATIONAL STANDARD BOOK NUMBER | |
| ISBN | 0072922559 (alk. paper) |
| 050 00 - CALL NUMBER | |
| Classification number | HF5636 |
| Item number | .L3267 |
| 100 1# - AUTHOR | |
| Personal name | Larsen, E. John. |
| 245 10 - TITLE | |
| Title | Modern advanced accounting / |
| Statement of responsibility, etc | E. John Larsen. |
| 250 ## - EDITION | |
| Edition statement | 10th ed. |
| 260 ## - PUBLICATION INFORMATION | |
| Place of publication | New York, NY : |
| Name of publisher | McGraw-Hill/Irwin, |
| Year of publication | 2006. |
| 300 ## - DESCRIPTION | |
| Number of Pages | xvii, 830 p. : |
| Other physical details | ill. ; |
| Dimensions | 26 cm. |
| 505 ## - FORMATTED CONTENTS NOTE | |
| Table of Content | Chapter One. Ethical Issues in Advanced Accounting<br/> Chapter Two. Partnerships: Organization and Operation<br/> Chapter Three. Partnership Liquidation and Incorporation; Joint Ventures<br/> Chapter Four. Accounting for Branches; Combined Financial Statements<br/> Chapter Five. Business Combinations<br/> Chapter Six. Consolidated Financial Statements: On Date of Business Combination <br/>Chapter Seven. Consolidated Financial Statements: Subsequent to Date of Business Combination <br/>Chapter Eight. Consolidated Financial Statements: Intercompany Transactions <br/>Chapter Nine. Consolidated Financial Statements: Income Taxes, Cash Flows, and Installment Acquisitions <br/>Chapter Ten. Consolidated Financial Statements: Special Programs <br/>Chapter Eleven. International Accounting Standards; Accounting for Foreign Currency Transactions <br/>Chapter Twelve. Translation of Foreign Currency Financial Statements <br/>Chapter Thirteen. Reporting for Components; Interim Reports; Reporting for SEC <br/>Chapter Fourteen. Bankruptcy: Liquidation and Reorganization Chapter Fifteen. Estates and Trusts <br/>Chapter Sixteen. Nonprofit Organizations <br/>Chapter Seventeen. Governmental Entities: General Fund Chapter Eighteen. Governmental Entities: Other Governmental Funds and Account Groups <br/>Chapter Nineteen. Governmental Entities: Proprietary Funds, Fiduciary Funds, and Comprehensive Annual Financial Report |
| 650 #0 - SUBJECTS | |
| Topical Term | Accounting. |
| 942 ## - ADDED ENTRY ELEMENTS (KOHA) | |
| Koha item type | Books |
| Withdrawn status | Lost status | Home library | Current library | Shelving location | Date acquired | Full call number | Accession Number | Koha item type |
|---|---|---|---|---|---|---|---|---|
| Methodist University Library Tema | Methodist University Library Tema | Reference | 08/11/2001 | HF5636 .L3267 | 34368 | Books |